| 000 | 01622nam a2200397Ia 4500 | ||
|---|---|---|---|
| 001 | ebr10255580 | ||
| 003 | CaPaEBR | ||
| 006 | m u | ||
| 007 | cr cn||||||||| | ||
| 008 | 020705s2001 njua sb 011 0 eng d | ||
| 010 | _z 2002284521 | ||
| 020 | _z9789810248659 | ||
| 020 | _z9810248652 | ||
| 040 |
_aCaPaEBR _cCaPaEBR |
||
| 035 | _a(OCoLC)646768414 | ||
| 050 | 1 | 4 |
_aTA169 _b.S977 2001eb |
| 245 | 0 | 0 |
_aSystem and Bayesian reliability _h[electronic resource] : _bessays in honor of Professor Richard E. Barlow on his 70th birthday / _ceditors, Yu Hayakawa, Telba Irony, Min Xie. |
| 260 |
_aRiver Edge, NJ : _bWorld Scientific, _cc2001. |
||
| 300 |
_axxvii, 409 p. : _bill. |
||
| 490 | 1 |
_aSeries on quality, reliability & engineering statistics ; _v5 |
|
| 504 | _aIncludes bibliographical references and index. | ||
| 533 |
_aElectronic reproduction. _bPalo Alto, Calif. : _cebrary, _d2009. _nAvailable via World Wide Web. _nAccess may be limited to ebrary affiliated libraries. |
||
| 600 | 1 | 0 | _aBarlow, Richard E. |
| 650 | 0 | _aReliability (Engineering) | |
| 650 | 0 | _aSystem failures (Engineering) | |
| 650 | 0 | _aBayesian statistical decision theory. | |
| 650 | 0 | _aMathematical statistics. | |
| 655 | 7 |
_aElectronic books. _2local |
|
| 700 | 1 | _aHayakawa, Yu. | |
| 700 | 1 | _aIrony, Telba. | |
| 700 | 1 |
_aXie, M. _q(Min) |
|
| 700 | 1 | _aBarlow, Richard E. | |
| 710 | 2 | _aebrary, Inc. | |
| 830 | 0 |
_aSeries on quality, reliability & engineering statistics ; _vv. 5. |
|
| 856 | 4 | 0 |
_uhttp://site.ebrary.com/lib/rucke/Doc?id=10255580 _zAn electronic book accessible through the World Wide Web; click to view |
| 999 |
_c33113 _d33113 |
||